000 00674nam a2200241Ia 4500
005 20260121112357.0
008 5504 260114s9999 xx 000 0 eng d
020 _a9789814579551
037 _aEBOOK
040 _aCRL
_beng
_cCRL
041 _aeng
_2eng
084 _qCRL
100 _aForster Anthony C, Liljeruhm Josefine & Gullberg Erik
_9956631
245 0 _aSynthetic Biology: a Lab Manual
260 _bWorld Scientific
260 _bWSPC
260 _c2014
650 _aLife Sciences / Biology
_9956632
856 _uhttps://www.worldscientific.com/worldscibooks/10.1142/9061#t=toc
942 _cEBOOK
999 _c1542804
_d1542804